Science Quiz

Random Science or Blitz Quiz

Phases of the Moon Picture Click Quiz Stats

 Plays Quiz Updated Jul 3, 2018

Score 0/8 Timer 01:00
19 Plays Today
% Correct
Full
91.9%
New
82.7%
Waxing Crescent
78.1%
Waxing Gibbous
76.8%
First Quarter
74.8%
Waning Crescent
74.1%
Waning Gibbous
73.5%
Third Quarter
72.5%

You're not logged in!

Compare scores with friends on all Sporcle quizzes.
Join for Free
OR
Log In

You Might Also Like...

Show Comments

Extras

Top Quizzes Today


Score Distribution

Your Account Isn't Verified!

In order to create a playlist on Sporcle, you need to verify the email address you used during registration. Go to your Sporcle Settings to finish the process.

Report this User

Report this user for behavior that violates our Community Guidelines.

Details: